000 00276nam a22001217a 4500
008 170814b xxu||||| |||| 00| 0 eng d
041 _aeng
080 _25TH
_a51
100 _a36
101 _aMAT
245 _aCALCULUS WITH ANALYTIC GEOMETRY
_cJOHNSON,R.E
942 _2udc
_cBK
999 _c23348
_d23348